000 002920000a22001090004500
100 1 _aWonderly, Guillermo
245 1 0 _aLa Biblia me enseñó a evangelizar
300 _aVol.44, núm.188 (1989), Páginas 8-9
650 1 4 _aEVANGELIZACIÓN
773 0 _tLa Biblia en las Américas
942 _cANA
999 _c62864
_d62864